Theory and design of adaptive filters / (Record no. 182400)
[ view plain ]
| 000 -LEADER | |
|---|---|
| fixed length control field | 01267 a2200217 4500 |
| 003 - CONTROL NUMBER IDENTIFIER | |
| control field | Nust |
| 005 - DATE AND TIME OF LATEST TRANSACTION | |
| control field | 20221205115006.0 |
| 010 ## - LIBRARY OF CONGRESS CONTROL NUMBER | |
| LC control number | 2001018504 |
| 020 ## - INTERNATIONAL STANDARD BOOK NUMBER | |
| International Standard Book Number | 0130402656 |
| 040 ## - CATALOGING SOURCE | |
| Transcribing agency | Nust |
| 082 00 - DEWEY DECIMAL CLASSIFICATION NUMBER | |
| Classification number | 621.3815324,TRE |
| 100 1# - MAIN ENTRY--PERSONAL NAME | |
| Personal name | Treichler, John R. |
| 9 (RLIN) | 104108 |
| 245 10 - TITLE STATEMENT | |
| Title | Theory and design of adaptive filters / |
| Statement of responsibility, etc. | John R. Treichler, C. Richard Johnson, Jr., Michael G. Larimore. |
| 260 ## - PUBLICATION, DISTRIBUTION, ETC. | |
| Place of publication, distribution, etc. | Upper Saddle River, NJ : |
| Name of publisher, distributor, etc. | Prentice Hall, |
| Date of publication, distribution, etc. | c2001. |
| 300 ## - PHYSICAL DESCRIPTION | |
| Extent | xiv, 350 p. : |
| Other physical details | ill. ; |
| Dimensions | 24 cm. |
| 505 ## - FORMATTED CONTENTS NOTE | |
| Formatted contents note | The Need for Adaptive Filtering (Page-1), Basic Principles of Adaptive Filtering (Page-21), Analysis Framework for Developing (Page-39), Algorithms for Adaptive Fir Filter (Page-91), Algorithms for Adaptive IIR Filter (Page-145), Adaptive Algorithms for Restoring Signal Properties (Page-181), Implementation issues (Page-207), Design Example: Hum Removal for an Electrocardiogram Monitor (Page-267), Design Example: Multipath Correction for Troposcatter Signals (Page-279), Design Example: Modeling the Propagation Path (Page-293), Design Example: Enhancing Signal Reception Quality Using (Page-309). |
| 650 #0 - SUBJECT ADDED ENTRY--TOPICAL TERM | |
| Topical term or geographic name entry element | Telecommunication Engineering |
| 700 1# - ADDED ENTRY--PERSONAL NAME | |
| Personal name | Johnson, C. Richard. |
| 9 (RLIN) | 104109 |
| 700 1# - ADDED ENTRY--PERSONAL NAME | |
| Personal name | Larimore, Michael G. |
| 9 (RLIN) | 104110 |
| 942 ## - ADDED ENTRY ELEMENTS (KOHA) | |
| Source of classification or shelving scheme | |
| Koha item type | Book |
| Withdrawn status | Lost status | Source of classification or shelving scheme | Damaged status | Not for loan | Permanent Location | Current Location | Shelving location | Date acquired | Full call number | Barcode | Date last seen | Price effective from | Koha item type | Public note |
|---|---|---|---|---|---|---|---|---|---|---|---|---|---|---|
| Military College of Signals (MCS) | Military College of Signals (MCS) | General Stacks | 12/12/2016 | 621.3815324,TRE | MCS30405 | 12/08/2016 | 12/12/2016 | Book | Almirah No.34, Shelf No.4 |
